[Event "Al Ain op 4th"]
[Site "Al Ain"]
[Date "2015.12.30"]
[Round "9"]
[White "Abtini, Hasan"]
[Black "Khalafova, Narmin Ilgar Qizi"]
[Result "0-1"]
[WhiteElo "1992"]
[BlackElo "2138"]
[PlyCount "90"]
[EventDate "2015.12.23"]
[EventType "swiss"]
[EventRounds "9"]
[EventCountry "UAE"]
[SourceTitle "CBM 170 Extra"]
[Source "ChessBase"]
[SourceDate "2016.02.25"]
[SourceVersion "1"]
[SourceVersionDate "2016.02.25"]
[SourceQuality "1"]

1. e4 c5 2. Nf3 Nc6 3. d4 cxd4 4. Nxd4 e5 5. Nb5 d6 6. N1c3 a6 7. Na3 b5 8. Nd5 Be6 9. c4 b4 10. Nc2 a5 11. Be3 Rb8 12. Be2 g6 13. g4 Bg7 14. Qd2 Nf6 15. Bg5 Bxd5 16. cxd5 Ne7 17. f3 h6 18. Be3 h5 19. g5 Nd7 20. h4 0-0 21. 0-0 Kh7 22. Ne1 f6 23. Nd3 f5 24. Rac1 Nb6 25. b3 Nbxd5 26. exd5 Nxd5 27. Nf2 Nc3 28. Nd1 f4 29. Bf2 e4 30. fxe4 f3 31. Bd3 Qd7 32. Bg3 Qg4 33. Kh2 Be5 34. Bxe5 Qxh4+ 35. Kg1 dxe5 36. Ne3 Qxg5+ 37. Kh1 Rf4 38. Rf2 Rh4+ 39. Rh2 Rxh2+ 40. Kxh2 Rf8 41. Rc2 Rf4 42. Qf2 Rh4+ 43. Qxh4 Qxh4+ 44. Kg1 Qe1+ 45. Nf1 Ne2+ 0-1

[Event "Al Ain op 4th"]
[Site "Al Ain"]
[Date "2015.12.28"]
[Round "7"]
[White "Abtini, Hasan"]
[Black "Zozulia, Anna"]
[Result "0-1"]
[WhiteElo "1992"]
[BlackElo "2335"]
[PlyCount "80"]
[EventDate "2015.12.23"]
[EventType "swiss"]
[EventRounds "9"]
[EventCountry "UAE"]
[SourceTitle "CBM 170 Extra"]
[Source "ChessBase"]
[SourceDate "2016.02.25"]
[SourceVersion "1"]
[SourceVersionDate "2016.02.25"]
[SourceQuality "1"]

1. c4 Nf6 2. Nc3 g6 3. e4 d6 4. d4 Bg7 5. Be3 0-0 6. f3 Nc6 7. Bd3 e5 8. Nge2 Ng4 9. fxg4 exd4 10. Nxd4 Bxd4 11. Bxd4 Nxd4 12. 0-0 Be6 13. h3 Nc6 14. Qd2 Ne5 15. Nd5 f6 16. Rf2 c6 17. Ne3 Qe7 18. b3 a5 19. Rd1 Qc7 20. Be2 Rad8 21. Nc2 Kg7 22. Nd4 Bc8 23. Qe3 Qe7 24. Bf3 a4 25. Qf4 axb3 26. axb3 Bd7 27. Ra2 c5 28. Ne2 b5 29. cxb5 Bxb5 30. Nc3 Bc6 31. Nd5 Bxd5 32. exd5 Rb8 33. Qe3 Qb7 34. Rb1 Rf7 35. Be4 Re7 36. Ra4 Qb5 37. Bc2 Qb7 38. Qd2 Ree8 39. g5 fxg5 40. Qxg5 Qxd5 0-1

[Event "Troya op 23rd"]
[Site "Canakkale"]
[Date "2015.08.10"]
[Round "4"]
[White "Daghan, Devran"]
[Black "Abtini, Hasan"]
[Result "0-1"]
[WhiteElo "1879"]
[BlackElo "2044"]
[PlyCount "148"]
[EventDate "2015.08.08"]
[EventType "swiss"]
[EventRounds "9"]
[EventCountry "TUR"]
[SourceTitle "CBM 167 Extra"]
[Source "ChessBase"]
[SourceDate "2015.09.14"]
[SourceVersion "1"]
[SourceVersionDate "2015.09.14"]
[SourceQuality "1"]

1. c4 e5 2. Nc3 Nf6 3. e4 Nc6 4. d3 Bc5 5. g3 d6 6. h3 h6 7. Bg2 Be6 8. Nge2 a6 9. 0-0 0-0 10. Kh2 Nh7 11. f4 f6 12. f5 Bf7 13. g4 Rb8 14. h4 b5 15. b3 Nd4 16. Rb1 c6 17. Bb2 Qa5 18. Qd2 Bb4 19. Rfc1 Qxa2 20. Nxd4 exd4 21. Nxa2 Bxd2 22. Rd1 Bf4+ 23. Kh1 bxc4 24. bxc4 c5 25. Ba3 Rfc8 26. Rxb8 Rxb8 27. Nc1 h5 28. Ne2 Be3 29. Bc1 Rb1 30. Rf1 Bxc1 31. Rxc1 Rxc1+ 32. Nxc1 hxg4 33. Bf1 Be8 34. Be2 Ba4 35. Bxg4 Nf8 36. Kg1 Nd7 37. Kf1 Ne5 38. Be2 Bc2 39. Ke1 Kh7 40. Kd2 Ba4 41. Bh5 Kh6 42. Be2 a5 43. Na2 Nc6 44. Nc1 Nb4 45. Bf3 Be8 46. Bd1 a4 47. Ke1 a3 48. Bb3 Kh5 49. Kd2 Kxh4 50. Ba2 Ba4 51. Bb1 Kg3 52. Ba2 Kf2 53. Bb1 Be8 54. Ba2 g5 55. fxg6 Bxg6 56. Bb1 f5 57. exf5 Bxf5 58. Ba2 Kf3 59. Bb1 Be6 60. Ba2 Bf7 61. Bb3 d5 62. cxd5 Bxd5 63. Bxd5+ Nxd5 64. Nb3 a2 65. Kc2 Nb4+ 66. Kb2 Nxd3+ 67. Kxa2 Ke3 68. Kb1 c4 69. Na5 Ne5 70. Kc1 Ke2 71. Kb1 d3 72. Nxc4 Nxc4 73. Ka1 d2 74. Ka2 Ne3 0-1

[Event "Troya op 23rd"]
[Site "Canakkale"]
[Date "2015.08.08"]
[Round "1"]
[White "Abtini, Hasan"]
[Black "Kocak, Can"]
[Result "1-0"]
[WhiteElo "2044"]
[BlackElo "1810"]
[PlyCount "61"]
[EventDate "2015.08.08"]
[EventType "swiss"]
[EventRounds "9"]
[EventCountry "TUR"]
[SourceTitle "CBM 167 Extra"]
[Source "ChessBase"]
[SourceDate "2015.09.14"]
[SourceVersion "1"]
[SourceVersionDate "2015.09.14"]
[SourceQuality "1"]

1. e4 c5 2. Nf3 Nc6 3. d3 g6 4. g3 Bg7 5. Bg2 d6 6. 0-0 e6 7. Nbd2 Nge7 8. Re1 0-0 9. c3 Rb8 10. Nf1 b5 11. Bf4 Bb7 12. Qd2 b4 13. Bh6 Qd7 14. h4 Rfd8 15. N1h2 d5 16. e5 Bxh6 17. Qxh6 Nf5 18. Qf4 h5 19. g4 Ng7 20. Qh6 Ne7 21. Ng5 Nef5 22. gxf5 Nxf5 23. Qh7+ Kf8 24. Qh8+ Ke7 25. Qf6+ Kf8 26. cxb4 cxb4 27. Rec1 Kg8 28. Rc5 Rbc8 29. Rac1 Rxc5 30. Rxc5 Ba6 31. Nxf7 1-0

[Event "Al Ain op 3rd"]
[Site "Al Ain"]
[Date "2014.12.26"]
[Round "9"]
[White "Vaishali, Ramesh Babu"]
[Black "Abtini, Hasan"]
[Result "1-0"]
[WhiteElo "2134"]
[BlackElo "1987"]
[PlyCount "67"]
[EventDate "2014.12.19"]
[EventType "swiss"]
[EventRounds "9"]
[EventCountry "UAE"]
[SourceTitle "CBM 164 Extra"]
[Source "ChessBase"]
[SourceDate "2015.03.02"]
[SourceVersion "1"]
[SourceVersionDate "2015.03.02"]
[SourceQuality "1"]

1. b3 Nf6 2. Bb2 d5 3. Nf3 Bf5 4. g3 e6 5. Bg2 h6 6. 0-0 Nbd7 7. d3 c6 8. Nbd2 Bh7 9. e4 dxe4 10. dxe4 Nxe4 11. Nxe4 Bxe4 12. Qe2 Bxf3 13. Bxf3 Nf6 14. Rad1 Qa5 15. Bxf6 gxf6 16. Bh5 Ke7 17. Rfe1 Bg7 18. b4 Qc7 19. Bxf7 e5 20. Qg4 Kxf7 21. Rd7+ Qxd7 22. Qxd7+ Kg6 23. Qg4+ Kf7 24. Rd1 Rhd8 25. Rd7+ Rxd7 26. Qxd7+ Kg6 27. Qxb7 Rd8 28. Qxc6 Bf8 29. a3 Rd1+ 30. Kg2 Ra1 31. Qa8 Bd6 32. Qe8+ Kg5 33. h4+ Kf5 34. Qd7+ 1-0

[Event "Al Ain op 3rd"]
[Site "Al Ain"]
[Date "2014.12.19"]
[Round "1"]
[White "Abtini, Hasan"]
[Black "Sengupta, Deep"]
[Result "0-1"]
[WhiteElo "1987"]
[BlackElo "2566"]
[PlyCount "96"]
[EventDate "2014.12.19"]
[EventType "swiss"]
[EventRounds "9"]
[EventCountry "UAE"]
[SourceTitle "CBM 164 Extra"]
[Source "ChessBase"]
[SourceDate "2015.03.02"]
[SourceVersion "1"]
[SourceVersionDate "2015.03.02"]
[SourceQuality "1"]

1. Nf3 d5 2. b3 Nf6 3. Bb2 Bf5 4. e3 e6 5. Be2 h6 6. 0-0 Bd6 7. c4 c6 8. Nc3 Bh7 9. d4 Nbd7 10. Bd3 0-0 11. Bxh7+ Nxh7 12. e4 Bb4 13. exd5 cxd5 14. a3 Bxc3 15. Bxc3 dxc4 16. bxc4 Qc7 17. Qe2 Rfc8 18. Nd2 Qc6 19. Rfc1 Nhf6 20. a4 Qa6 21. a5 Rc7 22. Qf3 Rac8 23. Bb2 Ne8 24. Qg3 Ndf6 25. Qe5 Nd6 26. c5 Nf5 27. Nc4 Rd7 28. Ne3 Nxe3 29. Qxe3 Rcd8 30. Qb3 Nd5 31. Qc4 Qc6 32. Qa4 Nf4 33. Qxc6 bxc6 34. Rc2 Rb7 35. g3 Nd5 36. Kg2 Rb4 37. Ra3 Rdb8 38. Ba1 a6 39. Raa2 Rb1 40. Bc3 R8b3 41. Bd2 Rb5 42. h4 h5 43. Kf3 Kh7 44. Ke4 f6 45. Kf3 Kg6 46. Ke2 R5b3 47. Rc1 Rxc1 48. Bxc1 Nc3+ 0-1

[Event "Al Ain op 1st"]
[Site "Al Ain"]
[Date "2012.12.27"]
[Round "7"]
[White "Abtini, Hasan"]
[Black "Ssegwanyi, Arthur"]
[Result "0-1"]
[WhiteElo "1935"]
[BlackElo "2222"]
[PlyCount "170"]
[EventDate "2012.12.22"]
[EventType "swiss"]
[EventRounds "9"]
[EventCountry "UAE"]
[SourceTitle "CBM 152 Extra"]
[Source "ChessBase"]
[SourceDate "2013.02.25"]
[SourceVersion "1"]
[SourceVersionDate "2013.02.25"]
[SourceQuality "1"]

1. e4 e6 2. d3 c5 3. Nf3 b6 4. Qe2 Bb7 5. g3 d6 6. Bg2 Nf6 7. 0-0 Be7 8. c4 0-0 9. Nc3 Re8 10. Re1 Nc6 11. h3 a6 12. Be3 Qc7 13. g4 h6 14. Rac1 d5 15. cxd5 exd5 16. Bd2 dxe4 17. dxe4 Bd6 18. Nh4 Nd4 19. Qf1 Bh2+ 20. Kh1 Rad8 21. Nd5 Nxd5 22. exd5 Bf4 23. Rxe8+ Rxe8 24. Re1 Rd8 25. Bc3 Bxd5 26. Bxd5 Rxd5 27. Re8+ Kh7 28. Qd3+ g6 29. Ng2 Bg5 30. Qxa6 Rd8 31. Rxd8 Bxd8 32. Qc4 Bf6 33. Qd5 Bg7 34. a3 Qe7 35. Ne3 Qf6 36. Kg2 Qf4 37. Nc4 Qc7 38. Nd6 Qd7 39. Bxd4 cxd4 40. Kf3 Kg8 41. Ke4 d3 42. Qxd3 Bxb2 43. Nc4 Qe7+ 44. Kf3 Qf6+ 45. Kg2 Bd4 46. Qf3 Qe6 47. Qd3 Bc5 48. Qd8+ Kg7 49. Qd3 Qe1 50. Qc2 Qa1 51. a4 Qf6 52. Nb2 Qc6+ 53. f3 Qe6 54. Qc3+ Kh7 55. Qc4 Qe7 56. Qe4 Qh4 57. Nd3 Bd6 58. f4 Qf6 59. Ne5 Kg7 60. Nd3 Qc3 61. Ne5 Qd2+ 62. Kg3 Bc5 63. Nd3 Bg1 64. f5 Qh2+ 65. Kf3 Qxh3+ 66. Ke2 Qh2+ 67. Kf1 gxf5 68. gxf5 Qg3 69. Qe5+ Qxe5 70. Nxe5 Bd4 71. Nc6 Bb2 72. Ne7 h5 73. Nd5 Bd4 74. Kg2 Kh6 75. Kf3 Kg5 76. Ke4 Bc5 77. f6 Kg4 78. Nf4 h4 79. Nd3 h3 80. Ne5+ Kg3 81. Nf3 Bf2 82. Nd2 Bc5 83. Nf3 Ba3 84. Nd2 Bc1 85. Nf3 Bh6 0-1

[Event "Al Ain op 1st"]
[Site "Al Ain"]
[Date "2012.12.27"]
[Round "6"]
[White "El Ghazali, Youssef M"]
[Black "Abtini, Hasan"]
[Result "1-0"]
[WhiteElo "2244"]
[BlackElo "1935"]
[PlyCount "157"]
[EventDate "2012.12.22"]
[EventType "swiss"]
[EventRounds "9"]
[EventCountry "UAE"]
[SourceTitle "CBM 152 Extra"]
[Source "ChessBase"]
[SourceDate "2013.02.25"]
[SourceVersion "1"]
[SourceVersionDate "2013.02.25"]
[SourceQuality "1"]

1. Nf3 Nf6 2. g3 d5 3. Bg2 Bg4 4. c4 c6 5. Ne5 Bf5 6. cxd5 Nxd5 7. e4 Qd6 8. Nc4 Qe6 9. 0-0 Nf6 10. Qb3 b5 11. exf5 Qxc4 12. Qxc4 bxc4 13. Na3 g6 14. Nxc4 gxf5 15. Re1 e6 16. b3 Nd5 17. Bb2 Rg8 18. Bxd5 cxd5 19. Ne5 Nd7 20. Rac1 Bd6 21. Nd3 Ke7 22. Rc6 Rac8 23. Rec1 Rxc6 24. Rxc6 e5 25. b4 Rb8 26. Ra6 Rb7 27. a3 Rc7 28. Ne1 Nb6 29. d3 d4 30. Kf1 Rb7 31. Ke2 Nd7 32. Nc2 Nb8 33. Ra5 Nc6 34. Ra6 Rb6 35. Rxb6 axb6 36. f3 Ke6 37. Ne1 Ne7 38. f4 f6 39. Nf3 Kd5 40. fxe5 fxe5 41. Ng5 h5 42. Nf3 Kc6 43. Nd2 Kb5 44. Kd1 Nd5 45. Kc2 Ne3+ 46. Kb3 Ng4 47. Nf3 Nf2 48. a4+ Kc6 49. Kc2 Kd5 50. a5 bxa5 51. bxa5 Kc6 52. a6 Ng4 53. h3 Ne3+ 54. Kb3 Nf1 55. Bxd4 Nd2+ 56. Nxd2 exd4 57. Nf3 f4 58. gxf4 Bxf4 59. Nxd4+ Kb6 60. Ne6 Be3 61. Kc4 Kxa6 62. Kd5 Kb5 63. d4 Bf2 64. Ng7 h4 65. Nf5 Kb4 66. Ke6 Kc4 67. d5 Kd3 68. d6 Ke4 69. d7 Bb6 70. Nxh4 Kf4 71. Nf5 Kg5 72. h4+ Kh5 73. Ke7 Kg4 74. Kf6 Kh5 75. Ke5 Bc7+ 76. Kd5 Kg4 77. Ng7 Bd8 78. h5 Be7 79. h6 1-0